The Kumbh Conspiracy/ (Record no. 204711)

MARC details
000 -LEADER
fixed length control field 00670 a2200229 4500
005 - DATE AND TIME OF LATEST TRANSACTION
control field 20240802113811.0
008 - FIXED-LENGTH DATA ELEMENTS--GENERAL INFORMATION
fixed length control field 080819t xxu||||| |||| 00| 0 eng d
010 ## - LCCN (DPL NO)
LC control number ENG-141132
020 ## - INTERNATIONAL STANDARD BOOK NUMBER
International Standard Book Number 9789390961702
Terms of availability 399.00
035 ## - SYSTEM CONTROL NUMBER
System control number EN-124664
037 ## - SOURCE OF ACQUISITION
Source of stock number/acquisition DBAD
040 ## - CATALOGING SOURCE
Original cataloging agency dpl
Language of cataloging English
082 ## - DEWEY DECIMAL CLASSIFICATION NUMBER
Classification number N
Edition number 1
100 ## - MAIN ENTRY--PERSONAL NAME
Personal name Prasad, Shubira
9 (RLIN) 69274
245 ## - TITLE STATEMENT
Title The Kumbh Conspiracy/
Statement of responsibility, etc By Shubira Prasad
250 ## - EDITION STATEMENT
Edition statement 1
260 ## - PUBLICATION, DISTRIBUTION, ETC. (IMPRINT)
Place of publication, distribution, etc New Delhi
Name of publisher, distributor, etc Vitasta Publishing
Date of publication, distribution, etc 2023
270 ## - ADDRESS
Address 2/15, Ist Floor, Ansari Road, Darya Ganj
City New Delhi
State or province Delhi
Postal code 110002
300 ## - PHYSICAL DESCRIPTION
Extent 312p.
Dimensions 20cm(pb)
650 ## - SUBJECT ADDED ENTRY--TOPICAL TERM
Topical term or geographic name as entry element Biography
General subdivision political
9 (RLIN) 69275
942 ## - ADDED ENTRY ELEMENTS (KOHA)
Institution code [OBSOLETE] dpl
Item type English Books
Source of classification or shelving scheme Dewey Decimal Classification
Classification part N
Call number suffix PRA
Edition 1
Holdings
Withdrawn status Lost status Source of classification or shelving scheme Damaged status Not for loan Collection code Home library Current library Date acquired Source of acquisition Cost, normal purchase price Total Checkouts Full call number Barcode Date last seen Copy number Cost, replacement price Koha item type
    Dewey Decimal Classification     Fiction Sarojini Nagar Sarojini Nagar 02/08/2024 DBAD 399.00   N PRA EN-124664 02/08/2024 1 399.00 English Books

© Delhi Public Library
Hit Counter
free hit counter